Gedl, Marek, 1934-. Die Halsringe und Halskragen in Polen. - Stuttgart : Steiner [Rezension]
| Titel: | Gedl, Marek, 1934-. Die Halsringe und Halskragen in Polen. - Stuttgart : Steiner [Rezension] |
|---|---|
| Verfasser: | |
| In: |
Prähistorische Zeitschrift, Band 79 (2004), Seite 251-251 alle Artikel anzeigen |
| Veröffentlicht: | 2004 |
| Format: | Aufsatz |
| Sprache: | Deutsch |
X
alg: 39483968
001A $01999:12-11-16
001B $01999:03-08-21 $t21:03:59.000
001D $01999:12-11-16
001U $0utf8
001X $00
002@ $0Aox
003@ $0394839684
007A $0394839684 $aHEB
007T $0Herd65603
010@ $ager
011@ $a2004
021A $aGedl, Marek, 1934-. Die @Halsringe und Halskragen in Polen. - Stuttgart : Steiner [Rezension]
028A $aHänsel $dBernhard
031A $d79 $h251-251 $j2004
039B $aIn $8--Abvc--. Prähistorische Zeitschrift. - Berlin {[u.a.] : de Gruyter, 1909-. - ISSN 0079-4848 $x200400000790000749 $9047249722
039T $8--Acu--Gedl, Marek$Z1934-2014 [Tp1]. Die @Halsringe und Halskragen in Polen. - Stuttgart : Steiner, 2002- $9111463440
045F $a900.9438 $eDDC23BSB
045F/01 $a900
045F/03 $g438
045T $a6,11
lok: 39483968 78
exp: 39483968 78 1 #EPN
201B/01 $018-11-16 $t12:54:12.000
201U/01 $0utf8
203@/01 $0791138283
208@/01 $a12-11-16 $be
209A/01 $a/ $f000 $x00
220C/01 $aTitelaufnehmer: wr
244Z/01 $2Trx $#Poola $#Lenkija $#Polija $#Polen Land $#Poland $#Lengyelország $#Poľsko $#Polsko $8--Trx--Polska$gkraj $x01 $9391345966
244Z/01 $2Trx $#arvustused $#recenzijos $#Reviews $#recenziók $#recenzje $#recenzie $#recenze $8--Trx--Rezensionen $x02 $9391357441
247C/01 $82080>Marburg/Lahn, Herder-Institut, Forschungsbibliothek, Bibliographieportal $9336309341
| LEADER | 00000caa a22000002c 4500 | ||
|---|---|---|---|
| 001 | 394839684 | ||
| 003 | DE-603 | ||
| 005 | 20210803210359.0 | ||
| 007 | tu | ||
| 008 | 161112s2004 xx |||| | u00||u|ger c | ||
| 035 | |a (DE-599)HEB394839684 | ||
| 040 | |a DE-603 |b ger |c DE-603 |d DE-603 | ||
| 041 | |a ger | ||
| 082 | 0 | 4 | |8 1\u |a 900.9438 |q DE-101 |2 23/BSB |
| 084 | |a 6,11 |2 ssgn | ||
| 085 | |8 1\u |b 900 | ||
| 085 | |8 1\u |z 2 |s 438 | ||
| 100 | 1 | |a Hänsel, Bernhard | |
| 245 | 0 | 0 | |a Gedl, Marek, 1934-. Die Halsringe und Halskragen in Polen. - Stuttgart : Steiner [Rezension] |
| 264 | 0 | |c 2004 | |
| 773 | 0 | 8 | |i In |t Prähistorische Zeitschrift |d Berlin [u.a.] : de Gruyter, 1909- |x 0079-4848 |g Band 79 (2004), Seite 251-251 |w (DE-603)047249722 |w (DE-600)200096-9 |
| 787 | 0 | 8 | |i Rezension von |a Gedl, Marek, 1934-2014 |t Die Halsringe und Halskragen in Polen |d Stuttgart : Steiner, 2002- |w (DE-603)111463440 |
| 924 | 0 | |9 2080 |a (DE-603)791138283 |b DE-2080 |c HES |d d |g / | |


